<?xml version="1.0" encoding="UTF-8"?>
<record
    xmlns:xsi="http://www.w3.org/2001/XMLSchema-instance"
    xsi:schemaLocation="http://www.loc.gov/MARC21/slim http://www.loc.gov/standards/marcxml/schema/MARC21slim.xsd"
    xmlns="http://www.loc.gov/MARC21/slim">

  <leader>     nam a22     7a 4500</leader>
  <datafield tag="999" ind1=" " ind2=" ">
    <subfield code="c">336767</subfield>
    <subfield code="d">336767</subfield>
  </datafield>
  <controlfield tag="003">IT-MiCISF</controlfield>
  <controlfield tag="005">20170908163914.0</controlfield>
  <controlfield tag="008">170908b        xxu||||| |||| 00| 0 eng d</controlfield>
  <datafield tag="040" ind1=" " ind2=" ">
    <subfield code="c">IT-MiCISF</subfield>
  </datafield>
  <datafield tag="041" ind1=" " ind2=" ">
    <subfield code="a">it</subfield>
  </datafield>
  <datafield tag="100" ind1=" " ind2=" ">
    <subfield code="a">Bourcier Sylvie</subfield>
    <subfield code="9">56569</subfield>
  </datafield>
  <datafield tag="245" ind1=" " ind2=" ">
    <subfield code="a">Il grande mondo dei piccoli</subfield>
    <subfield code="b">I bambini da 0 a 5 anni</subfield>
  </datafield>
  <datafield tag="260" ind1=" " ind2=" ">
    <subfield code="a">Cinisello B. (MI)</subfield>
    <subfield code="b">San Paolo</subfield>
    <subfield code="c">2009</subfield>
  </datafield>
  <datafield tag="300" ind1=" " ind2=" ">
    <subfield code="a">pp. 183</subfield>
  </datafield>
  <datafield tag="500" ind1=" " ind2=" ">
    <subfield code="a">bambini, educazione-bambini, figli-piccoli, famiglia, comportamento, scuola</subfield>
  </datafield>
  <datafield tag="520" ind1=" " ind2=" ">
    <subfield code="a">Il bambino e la sua famiglia; le emozioni e i comportamenti; il rapporto tra famiglia e asilo; i rapporti con l'ambiente e le persone dell'asilo; le preoccupazioni della prima infanzia, tra le quali l'ingresso alla scuola materna: sono questi i temi toccati da questo manuale pratico e chiaro, rivolto a genitori e educatori. Un libro che aiuta l'adulto a comprendere il grande mondo dei piccoli e ci&#xF2; che ne fa parte: gli "oggetti transizionali" (coperta preferita, bambola, ciuccio, ecc.), la gelosia, l'assenza del padre, i bambini e il loro rapporto con anziani e malati, il "broncio" e la rabbia, la paura dello sporco, il possesso e la generosit&#xE0;, il rapporto di collaborazione educativa genitore/insegnante della scuola, i rapporti e le gerarchie nel gruppo dei bambini della scuola materna, la violenza fisica sui minori, le punizioni, i diritti dei bambini, la gestione dei sentimenti di collera dei genitori nella loro relazione con figli.</subfield>
  </datafield>
  <datafield tag="650" ind1=" " ind2=" ">
    <subfield code="a">et&#xE0;-evolutiva</subfield>
    <subfield code="9">56123</subfield>
  </datafield>
  <datafield tag="654" ind1=" " ind2=" ">
    <subfield code="a">saggio</subfield>
  </datafield>
  <datafield tag="942" ind1=" " ind2=" ">
    <subfield code="2">ddc</subfield>
    <subfield code="c">BK</subfield>
  </datafield>
  <datafield tag="952" ind1=" " ind2=" ">
    <subfield code="0">0</subfield>
    <subfield code="1">0</subfield>
    <subfield code="2">ddc</subfield>
    <subfield code="4">0</subfield>
    <subfield code="6">A_2240_000000000000000</subfield>
    <subfield code="7">1</subfield>
    <subfield code="a">CISF</subfield>
    <subfield code="b">CISF</subfield>
    <subfield code="d">2017-09-08</subfield>
    <subfield code="l">0</subfield>
    <subfield code="o">a2240</subfield>
    <subfield code="p">9788821565403</subfield>
    <subfield code="r">2017-09-08 00:00:00</subfield>
    <subfield code="w">2017-09-08</subfield>
    <subfield code="y">BK</subfield>
  </datafield>
</record>
